000 00845cam a2200253 i 4500
999 _c3355
_d3355
001 3355
003 Mx-PuUPA
005 20200903093434.0
008 140415s1990 mx r 000 0 spa d
020 _a9686037292
040 _aMX-PuUPA
_bspa
_erda
_cMx-PuUPA
_dMx-PuUPA
041 0 _aspa
100 1 _aTapia Ayala, Francisco,
_eautor
_95807
245 1 3 _aEl contador público y la productividad en la empresa /
_cFrancisco Tapia Ayala.
250 _aSegunda edición
264 1 _aMéxico, D.F. :
_bInstituto Mexicano de Contadores Públicos,
_c1988 - 1990
300 _a229 páginas ;
_c22 cm.
336 _atexto
_2rdacontent
_btxt
337 _asin medio
_2rdamedia
_bn
338 _avolumen
_2rdacarrier
_bnc
650 4 _aAdministración de la producción
942 _2ddc
_cLI
_h658.5
_iT172